| 000 | 00823nam a2200229 i 4500 | ||
|---|---|---|---|
| 001 | 12379 | ||
| 003 | ES-MaACL | ||
| 005 | 20230906150312.0 | ||
| 008 | 921021s1989 sp |||| | spa d | ||
| 020 | _a84-87137-11-3 | ||
| 080 | _a860-14"19" | ||
| 100 | 1 |
_aMaccanti, Arturo. _975077 |
|
| 245 | 1 | 3 |
_aEl eco de un eco de un eco del resplandor _b: (obra poética) / _cArturo Maccanti ; [edición de Alfonso O'Shanahan]. |
| 260 |
_a[Santa Cruz de Tenerife] : _bViceconsejería de Cultura y Deportes, _cD.L. 1989. |
||
| 300 |
_a233 p. ; _c22 cm. |
||
| 490 | 1 |
_aBiblioteca básica canaria ; _v38 |
|
| 700 | 1 |
_aO'Shanahan, Alfonso. _986365 |
|
| 710 | 1 |
_aCanarias. _bViceconsejería de Cultura y Deportes. _92427 |
|
| 830 | 0 |
_aBiblioteca básica canaria ; _v38 _9177611 |
|
| 852 |
_aES-MaACL _jL-19781 |
||
| 999 |
_c12379 _d12379 |
||